000 00401cam a2200157ua 4500
003 OSt
008 241231b |||||||| |||| 00| 0 eng d
020 _a81-7371-4576
041 _aeng
082 _a621
_bJOS/FU
100 _aJoseph, George
_96671
245 _aFundamentals of remote sensing /
260 _aIndia :
_bUniversites Press Private Limited ,
_c2004.
300 _a433 ; .
942 _cBK
999 _c12906
_d12906